00293nam a22000977a 4500020001800000082001700018100001800035245007500053260003500128300003200163 a9789350041512 222a005.7585 aLangit, Lynn. aSmart business intelligence solutions with microsoft SQL server 2008 / aNew Delhi,bDreamtech,cc2011. axxx, 765p. ;bill. ;c24 cm